[Event "Klatovy op-B 24th"]
[Site "Klatovy"]
[Date "2018.06.30"]
[Round "1"]
[White "Zeman, Jiri"]
[Black "Novy, Jan"]
[Result "0-1"]
[WhiteElo "1767"]
[BlackElo "1516"]
[PlyCount "100"]
[EventDate "2018.06.30"]
[EventType "swiss"]
[EventRounds "9"]
[EventCountry "CZE"]
[SourceTitle "CBM 185 Extra"]
[Source "ChessBase"]
[SourceDate "2018.07.29"]
[SourceVersion "1"]
[SourceVersionDate "2018.07.29"]
[SourceQuality "1"]

1. e4 d6 2. Bb5+ c6 3. Bc4 b5 4. Be2 Nf6 5. Nc3 b4 6. e5 bxc3 7. exf6 cxd2+ 8. Bxd2 exf6 9. Nf3 d5 10. 0-0 Bd6 11. Re1 0-0 12. Bd3 Bg4 13. h3 Bh5 14. Qe2 Nd7 15. c3 Ne5 16. Bc2 Nxf3+ 17. gxf3 Qd7 18. Qd3 Bg6 19. Qd4 Bxc2 20. Kh1 Qxh3+ 21. Kg1 Bh2+ 22. Kh1 Be5+ 23. Kg1 Bxd4 24. cxd4 Qxf3 25. Re3 Qh5 26. Rae1 Qg4+ 27. Rg3 Qxd4 28. Be3 Qxb2 29. Bh6 f5 30. Kh2 Qf6 31. Bxg7 Qxg7 32. Reg1 Qxg3+ 33. Rxg3+ Kh8 34. Rc3 Rac8 35. Rxc2 d4 36. Kg2 d3 37. Rd2 Rfd8 38. Kg3 c5 39. Kf3 c4 40. Ke3 Re8+ 41. Kd4 Re2 42. Kc3 Rxd2 43. Kxd2 c3+ 44. Kxd3 c2 45. Kd4 c1Q 46. Ke5 Qc5+ 47. Kf6 Rc7 48. f4 Qd6+ 49. Kg5 Qg6+ 50. Kh4 Qg4# 0-1

[Event "Moravia-Silesia Region-chT 0708"]
[Site "Czech Republic"]
[Date "2008.03.30"]
[Round "10.5"]
[White "Holecek, Vladimir"]
[Black "Zeman, Jiri"]
[Result "1-0"]
[WhiteElo "2016"]
[BlackElo "1835"]
[PlyCount "57"]
[EventDate "2007.10.28"]
[EventType "team-tourn"]
[EventRounds "11"]
[EventCountry "CZE"]
[SourceTitle "EXT 2024"]
[Source "ChessBase"]
[SourceDate "2023.10.10"]
[SourceVersion "1"]
[SourceVersionDate "2023.10.10"]
[SourceQuality "1"]

1. e4 c5 2. Nf3 d6 3. d4 cxd4 4. Nxd4 Nf6 5. Nc3 a6 6. Bg5 e6 7. f4 Be7 8. Bd3 Qc7 9. Qe2 Nc6 10. Nxc6 bxc6 11. 0-0-0 0-0 12. g4 Re8 13. Rhg1 Qb6 14. Bh4 Rb8 15. b3 a5 16. a4 d5 17. e5 Ba3+ 18. Kb1 Nd7 19. Ka2 Bb4 20. Bf2 Qc7 21. Nb1 Nb6 22. f5 exf5 23. gxf5 Bf8 24. Qh5 Nxa4 25. Rxg7+ Bxg7 26. f6 Bxf6 27. exf6 Re4 28. Bxe4 Qd6 29. Qh6 1-0

[Event "Moravia-Silesia Region-chT 0708"]
[Site "Czech Republic"]
[Date "2008.02.10"]
[Round "7.6"]
[White "Zeman, Jiri"]
[Black "Brazina, David"]
[Result "1/2-1/2"]
[WhiteElo "1835"]
[BlackElo "2033"]
[PlyCount "59"]
[EventDate "2007.10.28"]
[EventType "team-tourn"]
[EventRounds "11"]
[EventCountry "CZE"]
[SourceTitle "EXT 2024"]
[Source "ChessBase"]
[SourceDate "2023.10.10"]
[SourceVersion "1"]
[SourceVersionDate "2023.10.10"]
[SourceQuality "1"]

1. Nf3 Nf6 2. c4 e6 3. Nc3 b6 4. g3 Bb7 5. Bg2 Bb4 6. 0-0 0-0 7. Qc2 d6 8. a3 Bxc3 9. Qxc3 c5 10. d3 Nbd7 11. b4 Qe7 12. Bb2 Rfc8 13. Rfd1 cxb4 14. axb4 b5 15. g4 bxc4 16. dxc4 Bd5 17. g5 Ne8 18. Rd4 Nb6 19. c5 dxc5 20. bxc5 Qxc5 21. Qxc5 Rxc5 22. Rb4 Rc4 23. Rxc4 Nxc4 24. Bd4 a5 25. Ne5 Nd2 26. Bxd5 exd5 27. Bc3 Nb3 28. Ra4 Nd6 29. Nc6 Nc4 30. Ne7+ 1/2-1/2

[Event "Znojmo op-A"]
[Site "Znojmo"]
[Date "1997.??.??"]
[Round "?"]
[White "Dobes, Oldrich"]
[Black "Zeman, Jiri"]
[Result "1/2-1/2"]
[WhiteElo "1935"]
[BlackElo "1875"]
[PlyCount "23"]
[EventDate "1997.??.??"]
[EventType "swiss"]
[EventRounds "9"]
[EventCountry "CZE"]
[SourceTitle "EXT 1998"]
[Source "ChessBase"]
[SourceDate "1997.11.17"]
[SourceVersion "1"]
[SourceVersionDate "1997.11.17"]
[SourceQuality "1"]

1. e4 e6 2. d4 d5 3. Nd2 dxe4 4. Nxe4 Nd7 5. Nf3 Ngf6 6. Bd3 Nxe4 7. Bxe4 Nf6 8. Bd3 Be7 9. 0-0 0-0 10. Bg5 b6 11. Qe2 Bb7 12. c3 1/2-1/2

[Event "Znojmo op-A"]
[Site "Znojmo"]
[Date "1997.??.??"]
[Round "?"]
[White "Zeman, Jiri"]
[Black "Fuchs, Ludek"]
[Result "1-0"]
[WhiteElo "1875"]
[BlackElo "1840"]
[PlyCount "33"]
[EventDate "1997.??.??"]
[EventType "swiss"]
[EventRounds "9"]
[EventCountry "CZE"]
[SourceTitle "EXT 1998"]
[Source "ChessBase"]
[SourceDate "1997.11.17"]
[SourceVersion "1"]
[SourceVersionDate "1997.11.17"]
[SourceQuality "1"]

1. d4 d5 2. Nf3 Nf6 3. e3 Bf5 4. Bd3 Ne4 5. Nh4 e6 6. Nxf5 exf5 7. 0-0 Nd7 8. Nd2 g5 9. f3 Nd6 10. e4 dxe4 11. fxe4 f4 12. e5 Nc8 13. Ne4 Bg7 14. Qh5 Ndb6 15. Nxg5 Qxd4+ 16. Kh1 Qxe5 17. Qxf7+ 1-0